Vocabulaire allemand-politique - Statistiques

Statistiques générales
  • Ce quiz a été pris 14 fois
  • Le résultat moyen est 7 sur 31
Statistiques - réponses
Mot en français traduction en allemand % Correct
montrer zeigen
78%
le combat der Kampf
67%
la majorité die Mehrheit
67%
la voix die Stimme
67%
politique de l'Est Ostpolitik
56%
la justice die Gerrechtigkeit
33%
la retraite die Rente
33%
la tension die Spannung
33%
le sommet die Spitze
33%
les impôts die Steuern
33%
la reconnaissance Die Anerkennung
22%
l'énergie nucléaire die Atomenergie
22%
la rivalité die Rivalitat
22%
social-démocrate Sozialdemokratisch
22%
renoncement au pacifisme radical auf den radikalen Pazifismus verzichtet
11%
le chômage das Arbeitslosen
11%
l'alliance das Bündnis
11%
l'image das Image
11%
les accords entre coalitions (un seul mot) der Koalitionvertrag
11%
l'aile conservatrice der Konservativen Flügel
11%
le smic der Mindestlohns
11%
la protection de l'environnement (un seul mot) der Umeltschutz
11%
la crédibilité die Glaubwürigkeit
11%
la fondation die Gründbung
11%
arrêt maladie (argent du malade) Krankensgeld
11%
se radicaliser sich radikalisieren
11%
le Land le plus riche Das reichte Bundesland
0%
la politique migratoire die Flüchtlingspolitik
0%
la mutualité die Gegenseitige
0%
la contestation Die infragestellung
0%
la négociation die Verhandlung
0%
Aucun quiz correspondant
Distribution des résultats
% des personnes avec chaque résultat
Percentile par nombre de réponses
Votre historique - résultats
Vous n’avez pas pris ce quiz